Lingvistická pluralita v Európskej únii

Jazyk ako súčasť dedičstva každého národa, prostredníctvom ktorého vyjadruje svoju históriu, zvyky, vieru, spôsob života a myslenie. Podpora lingvistickej plurality v EÚ. Prognózy orientovania jazykovej politiky v EÚ.

Salvato in:
Dettagli Bibliografici
Autore principale: Bezaňuková, Danica
Natura: Capitolo di libro
Lingua:slovacco
Soggetti:
Tags: Aggiungi Tag
Nessun Tag, puoi essere il primo ad aggiungerne!!

MARC

LEADER 00000naa$a2200000$$$4500
001 0041792
005 20231107111201.4
041 0 |a slo 
044 |a SK 
245 1 0 |a Lingvistická pluralita v Európskej únii  |c Danica Bezaňuková 
520 |a Jazyk ako súčasť dedičstva každého národa, prostredníctvom ktorého vyjadruje svoju históriu, zvyky, vieru, spôsob života a myslenie. Podpora lingvistickej plurality v EÚ. Prognózy orientovania jazykovej politiky v EÚ. 
610 2 0 |a jazykoveda 
610 2 0 |a jazyk štátny 
610 2 0 |a kultúra 
610 2 0 |a Európska únia 
610 2 0 |a pluralizmus 
610 2 0 |a komunikácia 
610 2 0 |a jazyky cudzie 
100 1 |a Bezaňuková, Danica